000 00583nmm a2200169Ia 4500
008 251105s9999||||xx |||||||||||||||||und||
020 _a8476587767
041 _aspa
100 _aHart, David Montgomery
245 0 _aBandidismo en el Islam :
_b Estudios de caso en Marruecos, Argelia y la frontera noroestede Pakistán
264 _a[Madrid, España] :
_bAnthropos,
_c2006
300 _a148 páginas
490 _aPensamiento crítico / Pensamiento utópico: crítica y utopía
650 _aSociology
856 _uhttps://public.digitaliapublishing.com/a/13579
942 _cCF
999 _c73370
_d73370